The Allocation of Health Care Resources : (Record no. 618170)

MARC details
000 -LEADER
fixed length control field 00510nam a2200193 a 4500
008 - FIXED-LENGTH DATA ELEMENTS--GENERAL INFORMATION
fixed length control field 260330s1998##################000#0#eng##
020 ## - INTERNATIONAL STANDARD BOOK NUMBER
ISBN 9781855219533
082 04 - DEWEY DECIMAL CLASSIFICATION NUMBER
Classification number 362.1
Item number MAC
100 1# - MAIN ENTRY--AUTHOR NAME
Personal name McKie, John,
245 10 - TITLE STATEMENT
Title The Allocation of Health Care Resources :
260 ## - PUBLICATION, DISTRIBUTION, ETC. (IMPRINT)
Name of publisher Routledge,
Year of publication 1998.
300 ## - PHYSICAL DESCRIPTION
Number of Pages 172 pages
650 #0 - SUBJECT ADDED ENTRY--TOPICAL TERM
Topical Term Business & Economics.
942 ## - ADDED ENTRY ELEMENTS (KOHA)
Koha item type English Books
Holdings
Withdrawn status Lost status Damaged status Not for loan Home library Current library Shelving location Date acquired Full call number Accession Number Price effective from Koha item type
        Anna Centenary Library Anna Centenary Library 4TH FLOOR, A WING 30.03.2026 362.1 MAC 377844 30.03.2026 English Books

Find us on the map